Selecciónes el campo. cria de canarios /

Guardado en:
Formato: Libro
Publicado: Buenos Aires : Suelo Argentino, 1952
Materias:
Etiquetas: Agregar Etiqueta
Sin Etiquetas, Sea el primero en etiquetar este registro!
LEADER 00441nam a22001575a 4500
001 CEM.cems015651
005 20121115172042.0
008 130507s1952##################000#0#####d
003 CEMS
082 0 4 |a 636.6 
245 0 0 |a Selecciónes el campo. cria de canarios /  |c , 
260 |a Buenos Aires :  |b Suelo Argentino,  |c 1952 
300 |a 129 p. 
653 |a Aves 
653 |a Canarios-cría 
859 |a CEMS  |b BIB. CEMS - Agricultura  |h 636.6  |i Se482  |p A7137.79  |t Ej.1